=LDR 00000nam 2200000 4500 =001 INLIS000000000033410 =005 20130612135351 =008 ***********************************ind** =035 ##$$0010-061300000033410 =041 ##$$a ind =082 ##$$a 610.73 =090 ##$$a 610.73, nur k =100 ##$$a Murwani, Arita =245 ##$$a Keterampilan dasar praktek klinik keperawatan, Arita murwani =260 ##$$a 2009 $b Yogyakarta =300 ##$$a vi,260 hlm, Ilus, 24 cm =650 ##$$a Perawat-Keperawatan =850 ##$$a NBPNMAT =990 ##$$a 0001/BPAP-NTB/20142014 =990 ##$$a 0001/BPAP-NTB/20142015 =990 ##$$a 0001/BPAP-NTB/2016